000 00488nam a2200181Ia 4500
005 20250326143735.0
008 250326s9999 xx 000 0 und d
037 _aTextbook
040 _aFMSL
_beng
_cFMSL
041 _aeng
_2eng
084 _aX:8 P3
_qFMSL
100 _aHODDER
_9748465
245 0 _aSix weeks to strategic excellence
_cHodder; Stoughton
260 _aLondon
_bLondon, Hodder
_c2003
300 _a560p
942 _cTB
_hX:8 P3
999 _c1300820
_d1300820